Представление документа в формате MARC21

Поле Инд. ПП Название Значение
Тип записи a
Библиографический уровень m
001 Контрольный номер 502956e2-de40-11d9-855a-00c0262f1595
005 Дата корректировки 20180409143607.1
008 Кодируемые данные 050616
040 a Служба первич. каталог. НБ ТвГУ
041 a Код языка текста rus
080 a Индекс УДК 658.5(075.8)
084 a Индекс другой классификации/Индекс ББК Ж6я73-1
090 x Авторский знак У91
a Полочн. индекс Ж6
245 00 a Заглавие Учебно-методический комплекс по дисциплине "Основы отраслевых технологий и организации производства" [Электронный ресурс]
c Ответственность Твер. гос. ун-т, Экон. фак., Каф. экономики и упр. пр-вом ; [сост. В. П. Левин]
260 0_ a Место издания Тверь
c Дата издания 2002
b Издательство Тверской государственный университет
300 a Объем 40 с.
b Иллюстрации/ тип воспроизводства табл.
500 a Примечание Содерж.: Разд.: Учебная программа ; Рабочая программа ; Раздаточный и наглядный материал ; Методические рекомендации по самостоятельной работе студентов и самоконтролю ; Методика рейтинг-контроля.
504 a Библиография Библиогр. в конце некоторых разд.
650 a Основная рубрика Технология производства
x Основная подрубрика Учебники для вузов
653 a Ключевые слова Отраслевые технологии
a Ключевые слова Технология производства
a Ключевые слова Труды Тверского государственного университета
700 1_ a Другие авторы Левин Владимир Прокопьевич
e Роль лиц сост.
710 a Организация/ юрисдикция Тверской государственный университет
856 u URL http://texts.lib.tversu.ru/texts2/00249umk.pdf
x Примечание для ЭОР Реестр суммарного учета сетевых локальных документов
930 a Новая/Ретро полный текст
a Новая/Ретро учебники
952 c Вид литературы К рум
954 a Дата поступления на обработку 20050825